[Event "9th Vellmar Chess Days"]
[Site "chess24.com"]
[Date "2017.07.14"]
[Round "3"]
[White "Weber, Samuel"]
[Black "Schulze, Lara"]
[Result "1-0"]
[Board "5"]
[WhiteElo "2123"]
[WhiteCountry "GER"]
[WhiteFideId "12924008"]
[WhiteEloChange "11"]
[BlackElo "2141"]
[BlackTitle "WFM"]
[BlackCountry "GER"]
[BlackFideId "12956830"]
[BlackEloChange "-11"]

1. e4 {[%clk 1:30:32]} e6 {[%clk 1:30:59]} 2. d3 {[%clk 1:30:44]} d5 {[%clk
1:31:20]} 3. Nd2 {[%clk 1:30:38]} Nf6 {[%clk 1:31:38]} 4. Ngf3 {[%clk 1:30:56]}
Bc5 {[%clk 1:31:47]} 5. e5 {[%clk 1:31:19]} Nfd7 {[%clk 1:32:11]} 6. d4 {[%clk
1:31:33]} Be7 {[%clk 1:32:36]} 7. Bd3 {[%clk 1:31:57]} c5 {[%clk 1:32:59]} 8. c3
{[%clk 1:32:10]} Nc6 {[%clk 1:33:04]} 9. O-O {[%clk 1:31:19]} g5 {[%clk 1:33:23]}
10. Qe2 {[%clk 0:48:52]} g4 {[%clk 1:30:29]} 11. Ne1 {[%clk 0:45:57]} h5 {[%clk
1:30:48]} 12. dxc5 {[%clk 0:38:29]} Ndxe5 {[%clk 1:21:38]} 13. Bb5 {[%clk
0:37:41]} Ng6 {[%clk 1:02:02]} 14. Nb3 {[%clk 0:35:45]} e5 {[%clk 0:40:43]} 15.
f4 {[%clk 0:30:06]} gxf3 {[%clk 0:38:27]} 16. Nxf3 {[%clk 0:28:35]} Qc7 {[%clk
0:38:08]} 17. Be3 {[%clk 0:23:55]} f5 {[%clk 0:26:35]} 18. Qd2 {[%clk 0:19:09]}
a6 {[%clk 0:21:54]} 19. Ba4 {[%clk 0:17:31]} f4 {[%clk 0:16:34]} 20. Qc2 {[%clk
0:16:46]} Kf7 {[%clk 0:15:32]} 21. Rae1 {[%clk 0:14:35]} Kg7 {[%clk 0:14:57]} 22.
Bxc6 {[%clk 0:12:41]} bxc6 {[%clk 0:15:03]} 23. Nxe5 {[%clk 0:11:27]} Nxe5 {[%clk
0:12:31]} 24. Bxf4 {[%clk 0:11:48]} Bf6 {[%clk 0:12:28]} 25. Qe2 {[%clk 0:11:39]}
Bg4 {[%clk 0:09:57]} 26. Qxe5 {[%clk 0:12:15]} Qd7 {[%clk 0:08:38]} 27. Qd6
{[%clk 0:10:48]} Rae8 {[%clk 0:08:34]} 28. Qxd7+ {[%clk 0:07:28]} Bxd7 {[%clk
0:09:01]} 29. Bd6 {[%clk 0:06:31]} Rxe1 {[%clk 0:06:51]} 30. Rxe1 {[%clk
0:06:59]} Re8 {[%clk 0:07:14]} 31. Rxe8 {[%clk 0:06:23]} Bxe8 {[%clk 0:07:43]}
32. Kf2 {[%clk 0:06:05]} Kg6 {[%clk 0:07:34]} 33. Kf3 {[%clk 0:01:58]} Kf5 {[%clk
0:06:21]} 34. Bf4 {[%clk 0:01:51]} h4 {[%clk 0:05:42]} 35. g4+ {[%clk 0:01:03]}
hxg3 {[%clk 0:06:00]} 36. hxg3 {[%clk 0:01:29]} Bh5+ {[%clk 0:04:47]} 37. Ke3
{[%clk 0:01:42]} Kg4 {[%clk 0:03:38]} 38. Na5 {[%clk 0:01:06]} Be8 {[%clk
0:04:05]} 39. Nb7 {[%clk 0:00:51]} Bd7 {[%clk 0:04:12]} 40. Nd6 {[%clk 0:01:08]}
Be7 {[%clk 0:03:11]} 41. Be5 {[%clk 0:18:03]} Bg5+ {[%clk 0:34:28]} 42. Kd4
{[%clk 0:17:41]} Kf3 {[%clk 0:33:52]} 43. b4 {[%clk 0:16:04]} Bh3 {[%clk
0:31:43]} 44. a4 {[%clk 0:15:14]} Be3+ {[%clk 0:26:14]} 45. Kd3 {[%clk 0:15:39]}
Bd7 {[%clk 0:25:46]} 46. Kc2 {[%clk 0:15:13]} Bf2 {[%clk 0:25:31]} 47. Kb3 {[%clk
0:14:20]} Bxg3 {[%clk 0:19:33]} 48. Bxg3 {[%clk 0:13:57]} Kxg3 {[%clk 0:20:02]}
49. b5 {[%clk 0:13:50]} cxb5 {[%clk 0:20:11]} 50. axb5 {[%clk 0:14:05]} axb5
{[%clk 0:20:37]} 51. Kb4 {[%clk 0:14:30]} Kf4 {[%clk 0:19:22]} 52. Nxb5 {[%clk
0:14:36]} Ke3 {[%clk 0:19:11]} 53. Nd4 {[%clk 0:14:22]} Kd3 {[%clk 0:19:14]} 54.
c6 {[%clk 0:14:46]} Bh3 {[%clk 0:14:53]} 55. c7 {[%clk 0:14:14]} Bc8 {[%clk
0:14:17]} 56. Nb5 {[%clk 0:14:10]} Bh3 {[%clk 0:14:37]} 57. Kc5 {[%clk 0:14:20]}
Ke4 {[%clk 0:14:20]} 58. Kd6 {[%clk 0:13:10]} Bg4 {[%clk 0:14:29]} 59. Kc5 {[%clk
0:10:38]} Bh3 {[%clk 0:14:49]} 60. Kb4 {[%clk 0:07:41]} Kd3 {[%clk 0:14:18]} 61.
Nd6 {[%clk 0:06:59]} d4 {[%clk 0:13:46]} 62. c4 {[%clk 0:05:58]} Kc2 {[%clk
0:06:09]} 63. c8Q {[%clk 0:06:23]} Bxc8 {[%clk 0:06:34]} 64. Nxc8 {[%clk
0:06:52]} d3 {[%clk 0:06:53]} 65. Ne7 {[%clk 0:07:21]} d2 {[%clk 0:07:07]} 66.
Nd5 {[%clk 0:07:20]} d1N {[%clk 0:07:12]} 67. c5 {[%clk 0:07:19]} Nf2 {[%clk
0:07:34]} 68. c6 {[%clk 0:07:36]} Ne4 {[%clk 0:07:57]} 69. c7 {[%clk 0:07:57]}
Nd6 {[%clk 0:08:17]} 70. Kc5 {[%clk 0:08:26]} Nc8 {[%clk 0:08:36]} 71. Kc6 {[%clk
0:08:31]} Kb3 {[%clk 0:07:38]} 72. Kd7 {[%clk 0:08:20]} Na7 {[%clk 0:07:53]} 73.
Ne7 {[%clk 0:08:32]} Ka4 {[%clk 0:06:16]} 74. Nc6 {[%clk 0:08:52]} 1-0

[Event "9th Vellmar Chess Days"]
[Site "chess24.com"]
[Date "2017.07.14"]
[Round "3"]
[White "Nickel, Ruediger"]
[Black "Reichenbaecher, Thomas"]
[Result "1/2-1/2"]
[Board "6"]
[WhiteElo "2157"]
[WhiteCountry "GER"]
[WhiteFideId "4618971"]
[WhiteEloChange "-5"]
[BlackElo "1975"]
[BlackCountry "GER"]
[BlackFideId "4643402"]
[BlackEloChange "5"]

1. e4 {[%clk 1:30:57]} c6 {[%clk 1:30:54]} 2. d4 {[%clk 1:31:21]} d5 {[%clk
1:31:19]} 3. exd5 {[%clk 1:30:50]} cxd5 {[%clk 1:31:42]} 4. Bd3 {[%clk 1:31:04]}
Nf6 {[%clk 1:30:41]} 5. c3 {[%clk 1:31:14]} Bg4 {[%clk 1:29:00]} 6. Qb3 {[%clk
1:27:28]} Qb6 {[%clk 1:28:58]} 7. Na3 {[%clk 1:03:14]} Qxb3 {[%clk 1:23:15]} 8.
axb3 {[%clk 1:01:42]} Nc6 {[%clk 1:23:25]} 9. b4 {[%clk 0:53:51]} e6 {[%clk
1:13:50]} 10. f3 {[%clk 0:49:20]} Bh5 {[%clk 1:13:26]} 11. Nh3 {[%clk 0:44:40]}
Bg6 {[%clk 1:13:33]} 12. Nf4 {[%clk 0:44:34]} Bxd3 {[%clk 1:11:21]} 13. Nxd3
{[%clk 0:44:59]} Rc8 {[%clk 1:05:22]} 14. O-O {[%clk 0:40:42]} Be7 {[%clk
1:02:56]} 15. Re1 {[%clk 0:39:03]} O-O {[%clk 1:03:09]} 16. Bg5 {[%clk 0:37:56]}
Nb8 {[%clk 0:59:01]} 17. Nc2 {[%clk 0:36:09]} a6 {[%clk 0:59:23]} 18. Ne3 {[%clk
0:36:01]} Rfe8 {[%clk 0:59:16]} 19. Nf1 {[%clk 0:23:12]} Nfd7 {[%clk 0:51:46]}
20. Bxe7 {[%clk 0:22:04]} Rxe7 {[%clk 0:52:11]} 21. Nd2 {[%clk 0:21:44]} Nf8
{[%clk 0:47:15]} 22. Re2 {[%clk 0:20:12]} Rec7 {[%clk 0:46:48]} 23. Kf2 {[%clk
0:19:29]} Nbd7 {[%clk 0:46:24]} 24. g4 {[%clk 0:19:13]} Nb6 {[%clk 0:46:41]} 25.
h4 {[%clk 0:19:07]} Nc4 {[%clk 0:44:59]} 26. Nxc4 {[%clk 0:16:54]} dxc4 {[%clk
0:45:15]} 27. Nc5 {[%clk 0:16:02]} Ng6 {[%clk 0:44:51]} 28. Kg3 {[%clk 0:15:00]}
Ne7 {[%clk 0:42:22]} 29. h5 {[%clk 0:13:47]} Nd5 {[%clk 0:38:00]} 30. f4 {[%clk
0:09:29]} b6 {[%clk 0:37:25]} 31. Nxa6 {[%clk 0:05:29]} Ra7 {[%clk 0:37:43]} 32.
Ree1 {[%clk 0:04:36]} Rca8 {[%clk 0:37:19]} 33. b5 {[%clk 0:05:05]} Nc7 {[%clk
0:36:07]} 34. Nxc7 {[%clk 0:05:30]} Rxa1 {[%clk 0:36:36]} 35. Nxa8 {[%clk
0:06:00]} Rxe1 {[%clk 0:36:53]} 36. Nxb6 {[%clk 0:05:33]} Kf8 {[%clk 0:34:46]}
37. Nxc4 {[%clk 0:03:10]} Ke7 {[%clk 0:34:10]} 38. Kf2 {[%clk 0:02:04]} Rb1
{[%clk 0:34:13]} 39. Ke3 {[%clk 0:01:43]} f6 {[%clk 0:34:11]} 40. Ke4 {[%clk
0:00:45]} Kd7 {[%clk 0:33:17]} 41. b4 {[%clk 0:15:48]} Rc1 {[%clk 1:02:19]} 42.
Kd3 {[%clk 0:16:17]} Rf1 {[%clk 1:02:39]} 43. Ke4 {[%clk 0:14:30]} 1/2-1/2

[Event "9th Vellmar Chess Days"]
[Site "chess24.com"]
[Date "2017.07.14"]
[Round "3"]
[White "Rueberg, Jobst"]
[Black "Boehm, Thomas"]
[Result "0-1"]
[Board "7"]
[WhiteElo "2107"]
[WhiteTitle "FM"]
[WhiteCountry "GER"]
[WhiteFideId "4677501"]
[WhiteEloChange "-9"]
[BlackElo "2154"]
[BlackCountry "GER"]
[BlackFideId "4682807"]
[BlackEloChange "9"]

1. e4 {[%clk 1:30:56]} d5 {[%clk 1:30:31]} 2. exd5 {[%clk 1:31:17]} Qxd5 {[%clk
1:30:50]} 3. Nc3 {[%clk 1:31:02]} Qd6 {[%clk 1:31:12]} 4. g3 {[%clk 1:28:49]} Nf6
{[%clk 1:28:23]} 5. Bg2 {[%clk 1:28:31]} c6 {[%clk 1:27:37]} 6. Nge2 {[%clk
1:26:08]} Bg4 {[%clk 1:24:54]} 7. d3 {[%clk 1:21:02]} Nbd7 {[%clk 1:15:40]} 8. h3
{[%clk 1:12:12]} Bh5 {[%clk 1:15:22]} 9. g4 {[%clk 0:57:07]} Bg6 {[%clk 1:15:31]}
10. Be3 {[%clk 0:48:49]} e6 {[%clk 1:07:43]} 11. Qd2 {[%clk 0:32:34]} Nb6 {[%clk
1:05:30]} 12. Bf4 {[%clk 0:27:41]} Qd7 {[%clk 1:04:59]} 13. a3 {[%clk 0:26:23]}
Bd6 {[%clk 1:01:25]} 14. O-O-O {[%clk 0:20:06]} O-O-O {[%clk 0:58:41]} 15. Ne4
{[%clk 0:17:47]} Bxe4 {[%clk 0:55:03]} 16. dxe4 {[%clk 0:17:02]} Bxf4 {[%clk
0:49:59]} 17. Qxf4 {[%clk 0:16:31]} Qc7 {[%clk 0:49:10]} 18. g5 {[%clk 0:15:11]}
Qxf4+ {[%clk 0:43:10]} 19. Nxf4 {[%clk 0:15:35]} Nfd7 {[%clk 0:43:13]} 20. Bf1
{[%clk 0:11:49]} Nc5 {[%clk 0:40:15]} 21. Rxd8+ {[%clk 0:11:23]} Rxd8 {[%clk
0:39:57]} 22. f3 {[%clk 0:11:08]} e5 {[%clk 0:37:07]} 23. Nd3 {[%clk 0:10:38]}
Nxd3+ {[%clk 0:36:43]} 24. Bxd3 {[%clk 0:10:49]} Kd7 {[%clk 0:36:13]} 25. Rf1
{[%clk 0:10:22]} Ke7 {[%clk 0:34:56]} 26. f4 {[%clk 0:07:51]} Nd7 {[%clk
0:22:39]} 27. Kd2 {[%clk 0:05:44]} Nc5 {[%clk 0:13:02]} 28. Ke3 {[%clk 0:04:48]}
exf4+ {[%clk 0:06:01]} 29. Rxf4 {[%clk 0:05:03]} Ne6 {[%clk 0:06:13]} 30. Rg4
{[%clk 0:05:25]} b5 {[%clk 0:06:00]} 31. h4 {[%clk 0:05:27]} a6 {[%clk 0:06:02]}
32. Rg1 {[%clk 0:05:19]} Rh8 {[%clk 0:05:32]} 33. Be2 {[%clk 0:04:46]} g6 {[%clk
0:05:42]} 34. Bf3 {[%clk 0:03:09]} h6 {[%clk 0:05:48]} 35. gxh6 {[%clk 0:02:57]}
Rxh6 {[%clk 0:06:09]} 36. Rh1 {[%clk 0:03:11]} Kf6 {[%clk 0:05:02]} 37. h5 {[%clk
0:02:46]} Ke5 {[%clk 0:04:07]} 38. hxg6 {[%clk 0:01:23]} Rxh1 {[%clk 0:03:10]}
39. Bxh1 {[%clk 0:01:50]} fxg6 {[%clk 0:03:31]} 40. Bf3 {[%clk 0:01:39]} Nc5
{[%clk 0:02:29]} 41. b3 {[%clk 0:00:38]} Nb7 {[%clk 0:23:10]} 42. Be2 {[%clk
0:22:50]} Nd6 {[%clk 0:23:15]} 43. a4 {[%clk 0:21:05]} a5 {[%clk 0:20:06]} 44.
Bd3 {[%clk 0:13:39]} bxa4 {[%clk 0:15:47]} 45. bxa4 {[%clk 0:13:59]} Nb7 {[%clk
0:15:42]} 46. c3 {[%clk 0:14:11]} Nc5 {[%clk 0:16:01]} 47. Bc2 {[%clk 0:14:14]}
g5 {[%clk 0:15:57]} 48. Kf3 {[%clk 0:14:29]} g4+ {[%clk 0:16:01]} 49. Kxg4 {[%clk
0:14:29]} Nxe4 {[%clk 0:16:22]} 50. Kf3 {[%clk 0:14:48]} Nxc3 {[%clk 0:16:39]}
51. Ke3 {[%clk 0:15:06]} Nd5+ {[%clk 0:16:46]} 52. Kd2 {[%clk 0:14:39]} Kd4
{[%clk 0:17:03]} 53. Bb3 {[%clk 0:14:40]} Nb6 {[%clk 0:17:08]} 54. Kc2 {[%clk
0:14:55]} c5 {[%clk 0:17:19]} 55. Kb2 {[%clk 0:15:17]} c4 {[%clk 0:17:36]} 56.
Bc2 {[%clk 0:15:39]} Nd5 {[%clk 0:17:47]} 57. Bg6 {[%clk 0:15:42]} Ne3 {[%clk
0:16:36]} 58. Bh7 {[%clk 0:15:03]} Nd1+ {[%clk 0:16:07]} 59. Kc1 {[%clk 0:12:02]}
Nf2 {[%clk 0:16:28]} 60. Kc2 {[%clk 0:11:47]} Ne4 {[%clk 0:16:19]} 61. Bg6 {[%clk
0:10:57]} Nc5 {[%clk 0:16:30]} 62. Be8 {[%clk 0:11:17]} Nd3 {[%clk 0:15:50]} 63.
Bg6 {[%clk 0:10:59]} Nb4+ {[%clk 0:16:16]} 64. Kb2 {[%clk 0:10:35]} c3+ {[%clk
0:14:31]} 65. Kb3 {[%clk 0:11:16]} Nd3 {[%clk 0:14:47]} 66. Kc2 {[%clk 0:11:19]}
Nc5 {[%clk 0:15:04]} 67. Be8 {[%clk 0:11:39]} Kc4 {[%clk 0:15:26]} 68. Bc6 {[%clk
0:11:50]} Kb4 {[%clk 0:15:44]} 69. Be8 {[%clk 0:11:29]} Ne6 {[%clk 0:15:12]} 70.
Kc1 {[%clk 0:10:43]} Nd4 {[%clk 0:15:15]} 71. Kb1 {[%clk 0:10:54]} Kb3 {[%clk
0:14:56]} 72. Bb5 {[%clk 0:09:20]} c2+ {[%clk 0:14:59]} 73. Kc1 {[%clk 0:09:46]}
Kc3 {[%clk 0:15:11]} 0-1

[Event "9th Vellmar Chess Days"]
[Site "chess24.com"]
[Date "2017.07.14"]
[Round "3"]
[White "Kuhn, Norbert"]
[Black "Neukirchner, Pascal"]
[Result "0-1"]
[Board "8"]
[WhiteElo "2094"]
[WhiteCountry "GER"]
[WhiteFideId "4644697"]
[WhiteEloChange "-8"]
[BlackElo "2150"]
[BlackCountry "GER"]
[BlackFideId "12997927"]
[BlackEloChange "8"]

1. e4 {[%clk 1:29:51]} c5 {[%clk 1:30:51]} 2. Nf3 {[%clk 1:30:16]} Nc6 {[%clk
1:30:54]} 3. b4 {[%clk 1:30:40]} cxb4 {[%clk 1:29:51]} 4. d4 {[%clk 1:31:03]} d5
{[%clk 1:29:07]} 5. exd5 {[%clk 1:31:26]} Qxd5 {[%clk 1:29:21]} 6. c4 {[%clk
1:31:50]} bxc3 {[%clk 1:29:44]} 7. Nxc3 {[%clk 1:32:14]} Qa5 {[%clk 1:29:22]} 8.
Bd2 {[%clk 1:32:37]} e6 {[%clk 1:28:50]} 9. Nb5 {[%clk 1:30:40]} Bb4 {[%clk
1:24:58]} 10. Nd6+ {[%clk 1:30:44]} Ke7 {[%clk 1:23:18]} 11. Nc4 {[%clk 1:30:59]}
Bxd2+ {[%clk 1:22:54]} 12. Nfxd2 {[%clk 1:31:21]} Qd5 {[%clk 1:16:41]} 13. Qb3
{[%clk 1:27:53]} b5 {[%clk 1:13:15]} 14. Qa3+ {[%clk 1:27:09]} b4 {[%clk
1:13:43]} 15. Qg3 {[%clk 1:25:23]} Nf6 {[%clk 1:09:51]} 16. Bd3 {[%clk 1:07:42]}
Bb7 {[%clk 0:57:24]} 17. O-O {[%clk 1:01:33]} Rad8 {[%clk 0:55:33]} 18. Rfd1
{[%clk 0:57:34]} h5 {[%clk 0:50:37]} 19. h4 {[%clk 0:52:40]} Rhg8 {[%clk
0:37:20]} 20. Nf3 {[%clk 0:48:42]} Nxd4 {[%clk 0:37:14]} 21. Nxd4 {[%clk
0:45:10]} Qxd4 {[%clk 0:37:42]} 22. Ne5 {[%clk 0:29:45]} Rd5 {[%clk 0:34:28]} 23.
Nxf7 {[%clk 0:25:40]} Qg4 {[%clk 0:33:56]} 24. Qxg4 {[%clk 0:20:09]} Nxg4 {[%clk
0:33:55]} 25. Ng5 {[%clk 0:18:18]} Rgd8 {[%clk 0:33:36]} 26. Be2 {[%clk 0:17:13]}
Rxd1+ {[%clk 0:33:49]} 27. Rxd1 {[%clk 0:16:08]} Rxd1+ {[%clk 0:34:17]} 28. Bxd1
{[%clk 0:16:28]} Bd5 {[%clk 0:34:33]} 29. Bb3 {[%clk 0:16:49]} Ne5 {[%clk
0:27:22]} 30. f3 {[%clk 0:09:42]} Nd3 {[%clk 0:26:10]} 31. Ne4 {[%clk 0:09:22]}
Nc1 {[%clk 0:26:04]} 0-1

[Event "9th Vellmar Chess Days"]
[Site "chess24.com"]
[Date "2017.07.14"]
[Round "3"]
[White "von Zimmermann, Georg"]
[Black "Chandler, Patrick"]
[Result "1/2-1/2"]
[Board "9"]
[WhiteElo "2072"]
[WhiteCountry "GER"]
[WhiteFideId "4663284"]
[WhiteEloChange "4"]
[BlackElo "2206"]
[BlackCountry "GER"]
[BlackFideId "4624041"]
[BlackEloChange "-4"]

1. e4 {[%clk 1:19:42]} Nc6 {[%clk 1:30:25]} 2. Nc3 {[%clk 1:18:49]} e5 {[%clk
1:30:46]} 3. g3 {[%clk 1:19:08]} Bc5 {[%clk 1:30:47]} 4. Bg2 {[%clk 1:19:32]} a6
{[%clk 1:30:49]} 5. Nge2 {[%clk 1:19:25]} d6 {[%clk 1:31:06]} 6. Nd5 {[%clk
1:13:21]} Bg4 {[%clk 1:24:38]} 7. c3 {[%clk 1:12:41]} Nf6 {[%clk 1:24:45]} 8. d3
{[%clk 1:02:53]} Nxd5 {[%clk 1:24:34]} 9. exd5 {[%clk 1:03:22]} Qf6 {[%clk
1:24:03]} 10. O-O {[%clk 0:42:40]} Ne7 {[%clk 1:24:23]} 11. Qa4+ {[%clk 0:37:15]}
Bd7 {[%clk 1:24:48]} 12. Qd1 {[%clk 0:34:27]} O-O {[%clk 1:24:50]} 13. d4 {[%clk
0:34:37]} exd4 {[%clk 1:24:55]} 14. Nxd4 {[%clk 0:35:01]} Nf5 {[%clk 1:24:50]}
15. Nxf5 {[%clk 0:32:00]} Qxf5 {[%clk 1:25:05]} 16. Qf3 {[%clk 0:30:43]} Rae8
{[%clk 1:24:55]} 17. Qxf5 {[%clk 0:15:13]} Bxf5 {[%clk 1:25:23]} 18. Be3 {[%clk
0:13:16]} Bxe3 {[%clk 1:25:41]} 19. fxe3 {[%clk 0:13:42]} Be4 {[%clk 1:26:04]}
20. Bxe4 {[%clk 0:12:42]} Rxe4 {[%clk 1:26:27]} 21. Rfe1 {[%clk 0:09:58]} Rfe8
{[%clk 1:26:39]} 22. Kf2 {[%clk 0:10:23]} f5 {[%clk 1:26:35]} 23. Rad1 {[%clk
0:09:04]} Kf7 {[%clk 1:26:53]} 24. Rd4 {[%clk 0:09:06]} Kf6 {[%clk 1:27:13]} 25.
h4 {[%clk 0:08:41]} Ke5 {[%clk 1:26:51]} 26. Red1 {[%clk 0:08:03]} Rf8 {[%clk
1:27:01]} 27. Rb4 {[%clk 0:06:36]} b6 {[%clk 1:26:21]} 28. Ke2 {[%clk 0:05:14]}
Rf7 {[%clk 1:26:10]} 29. Rbd4 {[%clk 0:03:56]} g6 {[%clk 1:26:17]} 30. c4 {[%clk
0:03:23]} Rxd4 {[%clk 1:25:39]} 31. Rxd4 {[%clk 0:03:39]} c5 {[%clk 1:26:02]} 32.
dxc6 {[%clk 0:03:04]} Rc7 {[%clk 1:26:28]} 33. Rd5+ {[%clk 0:02:40]} Ke6 {[%clk
1:26:56]} 34. b3 {[%clk 0:02:29]} Rxc6 {[%clk 1:26:57]} 35. Kd3 {[%clk 0:01:02]}
Rc5 {[%clk 1:27:04]} 36. Rd4 {[%clk 0:01:10]} Ke5 {[%clk 1:25:21]} 37. Ke2 {[%clk
0:00:51]} b5 {[%clk 1:25:34]} 38. cxb5 {[%clk 0:01:10]} axb5 {[%clk 1:25:46]} 39.
a4 {[%clk 0:01:31]} d5 {[%clk 1:25:11]} 40. a5 {[%clk 0:00:54]} b4 {[%clk
1:25:21]} 41. Rxb4 {[%clk 0:30:51]} Rxa5 {[%clk 1:56:15]} 42. Rb6 {[%clk
0:20:41]} Ra2+ {[%clk 1:56:16]} 43. Kf3 {[%clk 0:20:14]} Rb2 {[%clk 1:56:36]} 44.
g4 {[%clk 0:16:05]} fxg4+ {[%clk 1:56:49]} 1/2-1/2

[Event "9th Vellmar Chess Days"]
[Site "chess24.com"]
[Date "2017.07.14"]
[Round "3"]
[White "Nilsson, Anders 1976"]
[Black "Tuhacek, Christian"]
[Result "1-0"]
[Board "10"]
[WhiteElo "2192"]
[WhiteTitle "CM"]
[WhiteCountry "SWE"]
[WhiteFideId "1705423"]
[WhiteEloChange "6"]
[BlackElo "2027"]
[BlackCountry "GER"]
[BlackFideId "24630748"]
[BlackEloChange "-6"]

1. d4 {[%clk 1:30:57]} Nf6 {[%clk 1:30:35]} 2. c4 {[%clk 1:31:19]} g6 {[%clk
1:30:34]} 3. Nc3 {[%clk 1:31:42]} Bg7 {[%clk 1:30:59]} 4. e4 {[%clk 1:32:07]} d6
{[%clk 1:31:24]} 5. Nge2 {[%clk 1:32:32]} O-O {[%clk 1:31:30]} 6. Ng3 {[%clk
1:32:56]} e5 {[%clk 1:28:48]} 7. d5 {[%clk 1:33:18]} c6 {[%clk 1:25:46]} 8. Be2
{[%clk 1:33:29]} Qe7 {[%clk 1:20:29]} 9. h4 {[%clk 1:33:23]} h6 {[%clk 1:18:39]}
10. h5 {[%clk 1:18:53]} g5 {[%clk 1:18:19]} 11. b3 {[%clk 1:14:23]} c5 {[%clk
1:14:14]} 12. Qc2 {[%clk 1:09:48]} Ne8 {[%clk 1:11:13]} 13. Nd1 {[%clk 1:05:37]}
Bf6 {[%clk 1:10:02]} 14. Ne3 {[%clk 1:05:47]} Ng7 {[%clk 1:09:42]} 15. Bg4 {[%clk
1:04:01]} Bxg4 {[%clk 1:07:30]} 16. Nxg4 {[%clk 1:04:29]} Kh7 {[%clk 1:07:27]}
17. Qd3 {[%clk 1:03:54]} Qd8 {[%clk 1:02:54]} 18. Qf3 {[%clk 0:57:06]} Be7 {[%clk
1:01:06]} 19. Nf5 {[%clk 0:53:34]} Nxf5 {[%clk 0:59:02]} 20. Qxf5+ {[%clk
0:53:59]} Kg7 {[%clk 0:58:33]} 21. g3 {[%clk 0:48:59]} Qc8 {[%clk 0:53:25]} 22.
Ne3 {[%clk 0:49:07]} Qe8 {[%clk 0:48:10]} 23. f4 {[%clk 0:43:57]} Bf6 {[%clk
0:41:22]} 24. Ng4 {[%clk 0:42:34]} Qe7 {[%clk 0:41:29]} 25. Bb2 {[%clk 0:40:57]}
Re8 {[%clk 0:34:46]} 26. Rf1 {[%clk 0:37:43]} Nd7 {[%clk 0:31:15]} 27. O-O-O
{[%clk 0:28:29]} Rad8 {[%clk 0:27:21]} 28. Rd3 {[%clk 0:25:04]} Rf8 {[%clk
0:23:39]} 29. Rdf3 {[%clk 0:25:10]} Kg8 {[%clk 0:18:12]} 30. Nxh6+ {[%clk
0:24:45]} 1-0

[Event "9th Vellmar Chess Days"]
[Site "chess24.com"]
[Date "2017.07.14"]
[Round "3"]
[White "Lopez-Rojas, Jeffrey"]
[Black "Loehnhardt, Benjamin"]
[Result "1-0"]
[Board "11"]
[WhiteElo "2173"]
[WhiteCountry "GER"]
[WhiteFideId "12997277"]
[WhiteEloChange "6"]
[BlackElo "2009"]
[BlackCountry "GER"]
[BlackFideId "4646428"]
[BlackEloChange "-6"]

1. d4 {[%clk 1:19:16]} d5 {[%clk 1:30:27]} 2. c4 {[%clk 1:19:17]} e6 {[%clk
1:30:15]} 3. Nf3 {[%clk 1:19:41]} Nf6 {[%clk 1:30:36]} 4. g3 {[%clk 1:20:05]}
dxc4 {[%clk 1:28:27]} 5. Bg2 {[%clk 1:20:25]} c5 {[%clk 1:25:40]} 6. O-O {[%clk
1:19:49]} Nc6 {[%clk 1:25:01]} 7. Ne5 {[%clk 1:14:59]} Nxd4 {[%clk 1:09:24]} 8.
e3 {[%clk 1:11:46]} Nf5 {[%clk 1:04:45]} 9. Qxd8+ {[%clk 1:10:45]} Kxd8 {[%clk
1:05:11]} 10. Nxf7+ {[%clk 1:11:02]} Ke8 {[%clk 1:05:37]} 11. Nxh8 {[%clk
1:11:18]} Bd6 {[%clk 1:04:26]} 12. Na3 {[%clk 1:07:04]} Rb8 {[%clk 1:04:17]} 13.
Nxc4 {[%clk 1:06:58]} Bc7 {[%clk 1:04:42]} 14. f4 {[%clk 1:04:39]} Nd7 {[%clk
1:02:14]} 15. Ne5 {[%clk 0:58:31]} Nxe5 {[%clk 1:01:48]} 16. fxe5 {[%clk
0:58:56]} Bxe5 {[%clk 1:02:15]} 17. e4 {[%clk 0:57:42]} Nd6 {[%clk 1:02:14]} 18.
Be3 {[%clk 0:53:33]} b6 {[%clk 1:02:11]} 19. Rad1 {[%clk 0:51:01]} Ba6 {[%clk
1:00:57]} 20. Bf4 {[%clk 0:46:32]} Bxf4 {[%clk 0:58:29]} 21. Rxf4 {[%clk
0:46:02]} e5 {[%clk 0:58:12]} 22. Rh4 {[%clk 0:45:11]} 1-0

[Event "9th Vellmar Chess Days"]
[Site "chess24.com"]
[Date "2017.07.14"]
[Round "3"]
[White "Braun, Ingram"]
[Black "Everett, Elijah"]
[Result "1-0"]
[Board "12"]
[WhiteElo "2003"]
[WhiteCountry "GER"]
[WhiteFideId "24657816"]
[WhiteEloChange "14"]
[BlackElo "2167"]
[BlackCountry "GER"]
[BlackFideId "12973696"]
[BlackEloChange "-14"]

1. e4 {[%clk 1:30:57]} c5 {[%clk 1:30:56]} 2. d3 {[%clk 1:31:17]} Nc6 {[%clk
1:31:13]} 3. g3 {[%clk 1:31:31]} g6 {[%clk 1:31:26]} 4. Bg2 {[%clk 1:31:56]} Bg7
{[%clk 1:31:52]} 5. Nd2 {[%clk 1:32:11]} Nf6 {[%clk 1:31:59]} 6. c3 {[%clk
1:32:01]} e5 {[%clk 1:31:56]} 7. Ngf3 {[%clk 1:28:50]} O-O {[%clk 1:31:25]} 8.
O-O {[%clk 1:29:00]} d5 {[%clk 1:31:12]} 9. Qe2 {[%clk 1:26:51]} d4 {[%clk
1:29:06]} 10. h3 {[%clk 1:23:49]} Ne8 {[%clk 1:26:27]} 11. Ne1 {[%clk 1:13:24]}
Nd6 {[%clk 1:20:38]} 12. c4 {[%clk 1:10:59]} Bh6 {[%clk 1:15:47]} 13. f4 {[%clk
0:52:14]} f6 {[%clk 1:09:46]} 14. Ndf3 {[%clk 0:40:00]} Kg7 {[%clk 1:02:46]} 15.
fxe5 {[%clk 0:36:55]} fxe5 {[%clk 1:01:34]} 16. Bxh6+ {[%clk 0:33:48]} Kxh6
{[%clk 0:58:47]} 17. a3 {[%clk 0:33:57]} a5 {[%clk 0:40:12]} 18. Nc2 {[%clk
0:31:21]} a4 {[%clk 0:36:24]} 19. Rf2 {[%clk 0:31:11]} Be6 {[%clk 0:35:06]} 20.
Raf1 {[%clk 0:31:20]} Bg8 {[%clk 0:33:32]} 21. Nxe5 {[%clk 0:27:42]} Nxe5 {[%clk
0:30:14]} 22. Rxf8 {[%clk 0:28:05]} Qxf8 {[%clk 0:30:39]} 23. Rxf8 {[%clk
0:28:26]} Rxf8 {[%clk 0:31:04]} 24. Ne1 {[%clk 0:28:13]} b5 {[%clk 0:28:36]} 25.
cxb5 {[%clk 0:24:21]} Rb8 {[%clk 0:27:13]} 26. Nf3 {[%clk 0:22:21]} 1-0